| Registos Bibliográficos associados ao registo de autoridade |
|
Etiqueta de registo: 00254nam 2200025 450 001 2283224 003 http://id.bnportugal.gov.pt/bib/catbnp/2283224 021 ## $aPT$b315434/10 100 ## $a20260330d2010 m y0pory01030103ba 101 0# $apor 102 ## $aPT 105 ## $aa b 000yy 106 ## $ar 200 1# $aRostos de tradição$ffot. José Maria Barroso$gtexto Maria José Guerreiro, Francisco Sampaio 210 #9 $aViana do Castelo$c[s.n.],$d2010 215 ## $a23, [1] p.$cil.$d21 cm 675 ## $a77.04(=1:469)"19/20"(083.82)$vBN$zpor$31426343 675 ## $a77Barroso, José Maria(083.82)$vBN$zpor$31999210 700 #1 $aBarroso,$bJosé Maria,$f1946-$31994238 702 #1 $aSampaio,$bFrancisco,$f1937-2021$4070$325035 702 #1 $aGuerreiro,$bMaria José$4070$334151 801 #0 $aPT$bBN$gRPC 856 41 $uhttp://rnod.bnportugal.gov.pt/ImagesBN/winlibimg.aspx?skey=&doc=2283224&img=222606&save=true 900 ## $aBIBNAC$d20260528 966 ## $lBN$mFGMON$sB.A. 53807 V.$x1 971 ## $cabrito$d20260330 972 ## $e0$z0$d20260528$vasantos 973 ## $ctrodrigues$d20260525
|
|
|